000 00824cam a22002533a 4500
001 27340
003 PGUSA
005 20140828083606.0
008 081127s2008||||xxu|||||s|||||000 | eng d
040 _aPGUSA
_beng
042 _adc
050 4 _aNC
100 1 _aSmith, Francis Hopkinson,
_d1838-1915
245 1 0 _aOutdoor Sketching :
_bFour Talks Given before the Art Institute of Chicago; The Scammon Lectures, 1914
_h[electronic resource] /
_cFrancis Hopkinson Smith
260 _bProject Gutenberg,
_c2008
505 0 _aComposition -- Mass -- Water-colors -- Charcoal.
506 _aPublic domain in the USA.
516 _aElectronic text
653 _aLandscape painting
653 _aLandscape drawing
830 0 _aProject Gutenberg
_v27340
856 4 0 _uhttp://www.gutenberg.org/ebooks/27340
942 _cEB
999 _c256595
_d256595